Elektrotechnická spôsobilosť pre elektrikárov
Salvato in:
| Autori principali: | , |
|---|---|
| Altri autori: | |
| Natura: | Libro |
| Lingua: | slovacco |
| Pubblicazione: |
Trenčín
Lichtning
2004
|
| Edizione: | 1. vyd. |
| Soggetti: | |
| Accesso online: | Visualizza in OPAC |
| Tags: |
Nessun Tag, puoi essere il primo ad aggiungerne!!
|
MARC
| LEADER | 00000nam a2200000 a 4500 | ||
|---|---|---|---|
| 005 | 20260127134409.0 | ||
| 008 | 180216s2004 xo l f f 000 0 slo | ||
| 015 | |a SNBA2005/11-04770 | ||
| 020 | |a 809685092X | ||
| 035 | |a vtls001519208 | ||
| 035 | |a 140447F5-8DE7-4132-9C57-3E6B93AC1962 | ||
| 035 | |a urn:nbn:sk:snk-amygna | ||
| 035 | |a urn:nbn:sk:snk-am00ck00 | ||
| 039 | 9 | |a 201902221106 |b AUTHORITY |c 201902221041 |d csnk10 |c 201802161309 |d VLOAD |c 201606061818 |d VLOAD |y 200503111207 |z mschk03 | |
| 040 | |a STUSCHK1 |b slo |c STUSCHK1 |e AACR2 | ||
| 041 | 0 | |a slo | |
| 044 | |a xo |c SK | ||
| 072 | 7 | |a 621.3 |x Elektrotechnika |2 konspekt | |
| 080 | |a 621.3-1 |2 MDT-MRF | ||
| 080 | |a 331.45 |2 MDT-MRF | ||
| 080 | |a (035) |2 MDT-MRF | ||
| 080 | |a 621.3 |2 MDT-MRF | ||
| 100 | 1 | |a Meravý, Ján |c (elektrotechnik) |9 58 | |
| 245 | 1 | 0 | |a Elektrotechnická spôsobilosť pre elektrikárov |c Ján Meravý, Karel Kocman ; [návrh obálky Ľubomír Klobušický ; grafická úprava Anton Daniš] |
| 250 | |a 1. vyd. | ||
| 260 | |a Trenčín |b Lichtning |c 2004 | ||
| 300 | |a 283 s. |c 30 cm | ||
| 650 | 0 | 7 | |a elektrotechnika |2 SNKPH |
| 650 | 0 | 7 | |a elektrické zariadenia |2 SNKPH |
| 650 | 0 | 7 | |a bezpečnosť práce |2 SNKPH |
| 655 | 7 | |a príručky |2 SNKPH | |
| 700 | 1 | |a Kocman, Karel |4 aut | |
| 700 | 1 | |a Klobušický, Ľubomír |4 bjd | |
| 700 | 1 | |a Daniš, Anton |4 bkd |9 406 | |
| 919 | |a 80-968509-2-X | ||
| 958 | |a OND | ||
| 968 | |d 62 | ||
| 999 | |c 11778 |d 11778 | ||